00283nam a2200097Ia 4500008004100000041000800041082002400049100001500073245004600088260005100134230411s9999 xx 000 0 und d aeng aAD/610.6/GUI/B00602 aGuilbert J aEducational Handbook for Health Personnel bCBS Publishers & DistributorsaNew Delhic1987